000 00381nam a22001577a 4500
003 OSt
005 20240320123413.0
008 211208b xxu||||| |||| 00| 0 eng d
020 _a ‎ 020518944X
040 _cIIMT UNIVERSITY
100 _aBARON ROBERT A.
245 _aSOCIAL PSYCHOLOGY
260 _aNEW DELHI
_bPEARSON INDIA
_c2022
300 _a570
942 _2ddc
_c02
_e14TH
999 _c51188
_d51188